[Event "Parana-chT"]
[Site "Sao Jose dos Pinhais"]
[Date "2014.10.16"]
[Round "4.3"]
[White "Castro, Renan Britzke"]
[Black "Mattesco, Andre Luiz Secco"]
[Result "0-1"]
[WhiteElo "1858"]
[BlackElo "1588"]
[PlyCount "62"]
[EventDate "2014.10.13"]
[EventType "team-swiss"]
[EventRounds "6"]
[EventCountry "BRA"]
[SourceTitle "EXT 2015"]
[Source "ChessBase"]
[SourceDate "2014.11.20"]
[SourceVersion "1"]
[SourceVersionDate "2014.11.20"]
[SourceQuality "1"]
[WhiteTeam "Siqueira Campos"]
[BlackTeam "Londrina"]
[WhiteTeamCountry "BRA"]
[BlackTeamCountry "BRA"]

1. e4 e6 2. d4 d5 3. Nc3 Bb4 4. e5 c5 5. a3 Bxc3+ 6. bxc3 c4 7. Be2 Ne7 8. Nf3 Nbc6 9. a4 Qa5 10. Qd2 b5 11. 0-0 bxa4 12. Qg5 Nf5 13. Bd2 Rb8 14. Ra2 Bd7 15. Rfa1 h6 16. Qg4 Nce7 17. Nh4 0-0 18. Nxf5 Nxf5 19. Qh5 Rb7 20. Bd1 Rfb8 21. g4 Ne7 22. Qh4 Ng6 23. Qg3 Rb1 24. Kg2 R8b2 25. Rxb2 Rxa1 26. Be2 a3 27. Rb7 Qa4 28. h4 a2 29. h5 Rb1 30. Rxd7 a1Q 31. hxg6 fxg6 0-1

[Event "Parana-chT"]
[Site "Sao Jose dos Pinhais"]
[Date "2014.10.13"]
[Round "1.3"]
[White "Mattesco, Andre Luiz Secco"]
[Black "Comunello Nunes, Marco Aurelio"]
[Result "1/2-1/2"]
[WhiteElo "1588"]
[BlackElo "1773"]
[PlyCount "40"]
[EventDate "2014.10.13"]
[EventType "team-swiss"]
[EventRounds "6"]
[EventCountry "BRA"]
[SourceTitle "EXT 2015"]
[Source "ChessBase"]
[SourceDate "2014.11.20"]
[SourceVersion "1"]
[SourceVersionDate "2014.11.20"]
[SourceQuality "1"]
[WhiteTeam "Londrina"]
[BlackTeam "Manoel Ribas"]
[WhiteTeamCountry "BRA"]
[BlackTeamCountry "BRA"]

1. c4 Nf6 2. g3 g6 3. Bg2 Bg7 4. Nc3 0-0 5. Nf3 d6 6. 0-0 Nbd7 7. d3 Re8 8. a3 Rb8 9. Rb1 a6 10. b4 b6 11. Bd2 Bb7 12. a4 c5 13. b5 axb5 14. axb5 Qc7 15. Qc1 Ra8 16. Bh6 Ra5 17. Bxg7 Kxg7 18. Qb2 Rea8 19. Ra1 Kg8 20. e4 Qb8 1/2-1/2

[Event "Foz do Iguacu op 4th"]
[Site "Foz do Iguacu"]
[Date "2014.06.21"]
[Round "5"]
[White "Finkler, Bruna Kastner Olivi"]
[Black "Mattesco, Andre Luiz Secco"]
[Result "0-1"]
[WhiteElo "1798"]
[BlackElo "1595"]
[PlyCount "90"]
[EventDate "2014.06.19"]
[EventType "swiss"]
[EventRounds "7"]
[EventCountry "BRA"]
[SourceTitle "CBM 161 Extra"]
[Source "ChessBase"]
[SourceDate "2014.08.29"]
[SourceVersion "1"]
[SourceVersionDate "2014.08.29"]
[SourceQuality "1"]

1. d4 d5 2. c4 e6 3. Nc3 Nf6 4. Bg5 Be7 5. Nf3 h6 6. Bh4 Nbd7 7. e3 Ne4 8. Bxe7 Qxe7 9. cxd5 Nxc3 10. bxc3 exd5 11. Qb3 Nb6 12. c4 dxc4 13. Bxc4 Nxc4 14. Qxc4 0-0 15. Rc1 c6 16. 0-0 Be6 17. Qa4 Rfc8 18. Rc2 Bd5 19. Nd2 Re8 20. Nc4 b5 21. Qa3 Bxc4 22. Qxe7 Rxe7 23. Rfc1 Re6 24. a4 Rc8 25. axb5 cxb5 26. d5 Rd6 27. e4 a5 28. Rb2 Kf8 29. f3 a4 30. Ra1 f6 31. Kf2 Ra8 32. Rc2 Bb3 33. Rc5 Bc4 34. Ke3 Ke8 35. Kd4 Ke7 36. f4 Kd7 37. e5 fxe5+ 38. fxe5 Rxd5+ 39. Rxd5+ Bxd5 40. Kxd5 b4 41. e6+ Ke7 42. Kc4 b3 43. Re1 b2 44. Kd5 a3 45. Rf1 Rf8 0-1

[Event "BRA-ch U20"]
[Site "Paranavai"]
[Date "2013.06.14"]
[Round "4"]
[White "Leus, Lucas Resende"]
[Black "Mattesco, Andre Luiz Secco"]
[Result "1-0"]
[WhiteElo "1766"]
[BlackElo "1769"]
[PlyCount "83"]
[EventDate "2013.06.13"]
[EventType "swiss"]
[EventRounds "7"]
[EventCountry "BRA"]
[SourceTitle "CBM 155 Extra"]
[Source "ChessBase"]
[SourceDate "2013.08.26"]
[SourceVersion "1"]
[SourceVersionDate "2013.08.26"]
[SourceQuality "1"]

1. c4 Nf6 2. Nc3 g6 3. g3 Bg7 4. Bg2 0-0 5. e3 d6 6. Nge2 e5 7. d4 exd4 8. Nxd4 c6 9. b4 a6 10. 0-0 Nbd7 11. b5 axb5 12. cxb5 cxb5 13. Ndxb5 Ne8 14. a4 Ne5 15. Ba3 Nc4 16. Bb4 Qb6 17. Nd5 Qd8 18. Bc3 Bxc3 19. Ndxc3 Nc7 20. Qd4 Nxb5 21. Nxb5 Be6 22. Bxb7 Rb8 23. Bd5 Bxd5 24. Qxd5 Nb2 25. Qd4 Nxa4 26. Qxa4 Qf6 27. Qd4 Qf5 28. Nxd6 Qc2 29. Rfc1 Qe2 30. Ne4 Rfd8 31. Nf6+ Kf8 32. Nxh7+ Kg8 33. Nf6+ Kf8 34. Nd7+ Kg8 35. Qf4 Qd2 36. Rd1 Qb2 37. Ne5 Rxd1+ 38. Rxd1 Qb3 39. Rd7 Qb1+ 40. Kg2 Qf5 41. Qxf5 gxf5 42. Rxf7 1-0

[Event "BRA-ch U20"]
[Site "Paranavai"]
[Date "2013.06.13"]
[Round "1"]
[White "Dos Reis, Nicolas Rodrigues"]
[Black "Mattesco, Andre Luiz Secco"]
[Result "1/2-1/2"]
[WhiteElo "1880"]
[BlackElo "1769"]
[PlyCount "82"]
[EventDate "2013.06.13"]
[EventType "swiss"]
[EventRounds "7"]
[EventCountry "BRA"]
[SourceTitle "CBM 155 Extra"]
[Source "ChessBase"]
[SourceDate "2013.08.26"]
[SourceVersion "1"]
[SourceVersionDate "2013.08.26"]
[SourceQuality "1"]

1. d4 Nf6 2. Nf3 g6 3. c4 Bg7 4. Nc3 0-0 5. e4 d6 6. Be2 c5 7. 0-0 b6 8. h3 Nbd7 9. d5 a6 10. a4 Qc7 11. Be3 Re8 12. Bf4 Nh5 13. Bh2 Bb7 14. Ne1 Nhf6 15. Nd3 Rad8 16. f4 e5 17. fxe5 Nxe5 18. Nxe5 dxe5 19. Qc2 Rd7 20. Rf2 Ree7 21. Bg3 Qd6 22. Raf1 h6 23. Nd1 Bc8 24. Ne3 Rc7 25. Bh4 g5 26. Bg3 h5 27. Qd3 h4 28. Bh2 Ne8 29. Bg4 Bxg4 30. hxg4 Qg6 31. Nf5 Red7 32. Qc3 f6 33. Qf3 Rb7 34. Rc1 Rbc7 35. Rd2 Nd6 36. Nxd6 Rxd6 37. Kh1 Bh8 38. b3 Rh7 39. Qf5 Qe8 40. Ra2 Rc7 41. Rf2 Bg7 1/2-1/2